Annual report /

Bibliographic Details
Corporate Author: Chicago Board of Trade
Format: Serial
Language:English
Published: Chicago, Ill. : The Board, [19-]
Subjects:

MARC

Tag First Indicator Second Indicator Subfields
LEADER 00000cas a2200000 a 4500
001 in00000082212
005 20151008061100.0
008 820615c19uu9999iluar s 0uuu 0eng d
035 |a (OCoLC)08518612 
035 |9 AAJ7261AM 
040 |a MPI  |c MPI  |d TXA  |d UtOrBLW 
043 |a n-us-il 
049 |a TXAE 
090 |a HF296  |b .C532 
110 2 |a Chicago Board of Trade. 
245 1 0 |a Annual report /  |c Chicago Board of Trade. 
264 1 |a Chicago, Ill. :  |b The Board,  |c [19-] 
300 |a  volumes :  |b illustrations ;  |c 28 cm. 
336 |a text  |b txt  |2 rdacontent 
337 |a unmediated  |b n  |2 rdamedia 
338 |a volume  |b nc  |2 rdacarrier 
500 |a Title from cover. 
500 |a Description based on: 1981. 
651 0 |a Chicago (Ill.)  |x Commerce  |x Statistics  |x Periodicals. 
610 2 0 |a Chicago Board of Trade  |x Periodicals. 
999 |a MARS 
999 f f |s dd12596e-68f5-3869-95ce-754b10e52f54  |i f5b78092-e806-3ab4-99a1-ec7ab7b1c184  |t 0 
952 f f |p ric  |a Texas A&M University  |b Rellis Campus  |c Joint Library Facility  |d Remote Storage  |t 0  |e HF296 .C532  |h Library of Congress classification  |i unmediated -- volume  |k 1981  |m A14808750004 
952 f f |p ric  |a Texas A&M University  |b Rellis Campus  |c Joint Library Facility  |d Remote Storage  |t 0  |e HF296 .C532  |h Library of Congress classification  |i unmediated -- volume  |k 1983  |m A14808740083 
952 f f |p ric  |a Texas A&M University  |b Rellis Campus  |c Joint Library Facility  |d Remote Storage  |t 0  |e HF296 .C532  |h Library of Congress classification  |i unmediated -- volume  |k 1982  |m A14808740350 
998 f f |a HF296 .C532  |s 1981-1983  |t 0  |l Remote Storage